Assassins/Tueurs à gages de fiction - Statistiques

Statistiques générales
  • Ce quiz a été pris 24 fois
  • Le résultat moyen est 8 sur 33
Statistiques - réponses
Assassin/Tueur à gages de fiction Univers % Correct
John Wick John Wick
71%
Deadpool X-Men
71%
Agent 47 Hitman
67%
Ezio Auditore Assassin's Creed
62%
Tao Pai Pai Dragon Ball
57%
Jaqen H'ghar Game of Thrones
52%
Sub-Zero Mortal Kombat
52%
Irumi Zoldik Hunter X Hunter
48%
T-X Terminator
43%
Daz Bones (Mister 1) One Piece
38%
Vincent Vega Pulp Fiction
38%
Cad Bane Star Wars
38%
M.Hinx James Bond
33%
Thufir Hawat Dune
24%
O-Ren Ishii (Mocassin d'eau) Kill Bill
24%
Yoichi Nagumo Sakamoto Days
19%
Sous-fifre Yiga The Legend of Zelda
19%
Irina Poufanovitch Assassination Classroom
14%
Mosca Da Montelepre Le Parrain
14%
Le Chacal Le Chacal
10%
Sabine Moreau Mission Impossible
10%
Nina Williams Tekken
10%
Shelly de Killer Ace Attorney
5%
Jane Smith Mr & Mrs.Smith
5%
L'homme à la cigarette X-Files
5%
Homme Explosif Avatar, le dernier maître de l'air
0%
Mad Pierrot Cowboy Bebop
0%
Rod Bender Dick Tracy
0%
Surintendant Graal Enola Holmes
0%
Niki Sanders Heroes
0%
Armon Gill Judge Dredd
0%
Harry Henke Largo Winch
0%
Wyatt Mathewson Prison Break
0%
Aucun quiz correspondant
Distribution des résultats
% des personnes avec chaque résultat
Percentile par nombre de réponses
Votre historique - résultats
Vous n’avez pas pris ce quiz